| 000 | 00524nam a2200181Ia 4500 | ||
|---|---|---|---|
| 999 |
_c3702 _d3702 |
||
| 003 | GBCCL | ||
| 005 | 20241126110501.0 | ||
| 008 | 171205b xxu||||| |||| 00| 0 eng d | ||
| 020 | _a0-85110-728-1 | ||
| 040 | _cgbc | ||
| 082 |
_a220.77 _bBST |
||
| 100 |
_aKidner, Derek _94631 |
||
| 245 |
_aThe Message of Ecclesiastes: _bA Time to Mourn, and a Time to Dance / _cDerek Kidner |
||
| 260 |
_c1976 _aLeicester: _bInter-Varsity Press, |
||
| 300 |
_a110p.; _c23 cm. |
||
| 440 |
_aThe Bible Speaks Today _92924 |
||
| 942 |
_2ddc _cBK _04 |
||